Flow through open channels (Record no. 11092)

000 -LEADER
fixed length control field 00492nam a22001937a 4500
001 - CONTROL NUMBER
control field 11092
003 - CONTROL NUMBER IDENTIFIER
control field BD-DhUET
008 - FIXED-LENGTH DATA ELEMENTS--GENERAL INFORMATION
fixed length control field 150214b xxu||||| |||| 00| 0 eng d
040 ## - CATALOGING SOURCE
Original cataloging agency DLC
Transcribing agency DLC
Modifying agency BD-DhUET
082 ## - DEWEY DECIMAL CLASSIFICATION NUMBER
Classification number 627.01
Item number RAJ/1981
100 ## - MAIN ENTRY--PERSONAL NAME
Personal name Raju, K G Ranga
245 ## - TITLE STATEMENT
Title Flow through open channels
250 ## - EDITION STATEMENT
Edition statement Ist ed.
260 ## - PUBLICATION, DISTRIBUTION, ETC. (IMPRINT)
Place of publication, distribution, etc. New Delhi
Name of publisher, distributor, etc. Tata Mcgraw Hill
Date of publication, distribution, etc. 1981
300 ## - PHYSICAL DESCRIPTION
Extent x, 330p.
Other physical details illus.
504 ## - BIBLIOGRAPHY, ETC. NOTE
Bibliography, etc Includes bibliographies
650 #0 - SUBJECT ADDED ENTRY--TOPICAL TERM
Topical term or geographic name as entry element Open channel flow
942 ## - ADDED ENTRY ELEMENTS (KOHA)
Koha item type General Book
Holdings
Location (home branch) Koha issues (times borrowed) Koha normalized classification for sorting Withdrawn status Koha date last seen Koha date last borrowed Shelving location Sublocation or collection (holding branch) Piece designation (barcode) Lost status Source of classification or shelving scheme Not for loan Copy number Koha full call number Price effective from Date acquired Damaged status Koha item type
Central Library, BUET 627_010000000000000_RAJ_1981 2017-05-27 Circulation sectionCentral Library, BUET57607   1627.01/RAJ/19812015-02-142015-02-14 General Book
Central Library, BUET 627_010000000000000_RAJ_1981 2015-02-23 Circulation sectionCentral Library, BUET56714   2627.01/RAJ/19812015-02-232015-02-23 General Book
Central Library, BUET1627_010000000000000_RAJ_1981 2018-02-032018-01-27Circulation sectionCentral Library, BUET56715   3627.01/RAJ/19812015-02-232015-02-23 General Book
Central Library, BUET1627_010000000000000_RAJ_1981 2025-04-222018-07-17Circulation sectionCentral Library, BUET77612   4627.01/RAJ/19812015-02-232015-02-23 General Book